<?xml version="1.0" encoding="UTF-8"?>
<marc:record xmlns:marc="http://www.loc.gov/MARC21/slim">
   <marc:leader>00000nam a2200000 a 4500</marc:leader>
   <marc:datafield ind1="1" ind2=" " tag="100">
      <marc:subfield code="a">Cajkovskij, Pëtr I., 1840-1893</marc:subfield>
      <marc:subfield code="4">aut</marc:subfield>
      <marc:subfield code="e">Verfasser/-in</marc:subfield>
   </marc:datafield>
   <marc:datafield ind1="1" ind2=" " tag="100">
      <marc:subfield code="a">&#x8a;ilovskij, Konstantin S., 1849-1893</marc:subfield>
   </marc:datafield>
   <marc:datafield ind1="1" ind2=" " tag="100">
      <marc:subfield code="a">Lehnhoff, Nikolaus</marc:subfield>
   </marc:datafield>
   <marc:datafield ind1="1" ind2=" " tag="100">
      <marc:subfield code="a">Ro&#x9e;destvenskij, Gennadij N.</marc:subfield>
   </marc:datafield>
   <marc:datafield ind1="0" ind2="0" tag="245">
      <marc:subfield code="a">Eugen Onegin</marc:subfield>
   </marc:datafield>
   <marc:datafield ind1="0" ind2="0" tag="245">
      <marc:subfield code="b">Oper in 3 Aufzügen, live aufgenommen im Festspielhaus Baden-Baden ; ungekürzte Fassung</marc:subfield>
   </marc:datafield>
   <marc:datafield ind1="0" ind2="0" tag="245">
      <marc:subfield code="c">von Peter Tschaikowski. Libretto: Konstantin Schilowski und Peter Tschaikowski nach Alexander Puschkin. Dirigent: Gennadi Rozhdestvensky. Bühnenregie: Nikolaus Lehnhof</marc:subfield>
   </marc:datafield>
   <marc:datafield ind1=" " ind2="1" tag="264">
      <marc:subfield code="a">Hamburg</marc:subfield>
      <marc:subfield code="b">DeAgostini</marc:subfield>
      <marc:subfield code="c">2005</marc:subfield>
   </marc:datafield>
   <marc:datafield ind1="1" ind2=" " tag="490">
      <marc:subfield code="a">¬Die¬ Opernsammlung</marc:subfield>
      <marc:subfield code="v">24</marc:subfield>
   </marc:datafield>
   <marc:datafield ind1=" " ind2=" " tag="500">
      <marc:subfield code="a">Interpreten:  Vladimir Glushchak [Eugen Onegin]. Orla Boylan [Tatjana]. Anna Burford [Olga]. Michael König [Lenski]. Ineke Vlogtman [Larina]. Katja Boost [Filipjewna]. Thomas Morris [Monsieur Triquet]. Michail Schelomianski [Fürst Gremin]. - Aufnahme: Fes</marc:subfield>
   </marc:datafield>
   <marc:datafield ind1="0" ind2=" " tag="490">
      <marc:subfield code="v">0</marc:subfield>
   </marc:datafield>
   <marc:datafield ind1=" " ind2=" " tag="542">
      <marc:subfield code="d">European Union Opera, Baden-Baden, Chorus</marc:subfield>
   </marc:datafield>
   <marc:datafield ind1=" " ind2=" " tag="300">
      <marc:subfield code="a">1 DVD-Video; Umfang: Ländercode 2, 152 Min.; Sonst.: Bildformat 16:9, PAL, Tonformat PCM stereo</marc:subfield>
   </marc:datafield>
</marc:record>
